[Event "FIDE World Cup"]
[Site "Tromsoe"]
[Date "2013.08.31"]
[Round "7.2"]
[White "Andreikin, Dmitry"]
[Black "Kramnik, Vladimir"]
[Result "1/2-1/2"]
[WhiteElo "2716"]
[BlackElo "2784"]
[Annotator "Negi,P"]
[PlyCount "65"]
[EventDate "2013.08.11"]
[EventType "k.o."]
[EventRounds "7"]
[EventCountry "NOR"]
[SourceTitle "CBM 156"]
[Source "ChessBase"]
[SourceDate "2013.09.17"]
[SourceVersion "1"]
[SourceVersionDate "2013.09.17"]
[SourceQuality "1"]

{As in the previous rounds, Andreikin avoided mainstream theory - and it can
be said successfully, but then he failed to make a tough decision that could
have put the Kramnik under pressure.} 1. d4 Nf6 2. c4 e6 3. Nf3 d5 4. Nc3 Be7 {
Kramnik sticks to his favourite Queen's Gambit Declined.} 5. Bf4 O-O 6. a3 $5 {
Much less played than the ultra theoretical 6.e3, this move has been gaining
popularity recently as it 'avoids' the typical solid lines with Nbd7-c5 that
black employs after e3.} b6 {Andreikin spent some time trying to choose
between going into a typical structure with cxd5-Nxd5-Nxd5-exd5, or continue
to try and maintain the tension in the centre.} (6... Nbd7 7. Nb5 $1 {is the
point - and now the use of a3, preventing ...Bb4+ is clear.}) ({In the
previous game Kramnik had continued:} 6... dxc4 {which is probably what
Andreikin had mainly prepared against.}) 7. e3 {Eventually Dmitry avoids the
typical Queen's Gambit Declined structure, possiby because of Kramnik's vast
experience in such structures.} c5 {Instant reply, and once again Andreikin is
in a difficult situation: how to avoid the former World Champion's impressive
preparation, and yet maintain tension in the game.} 8. Qc2 {An offbeat move. I
believe Andreikin had some idea about it, but considering the amount of time
he took, he had definitely not prepared it for this game. But he achieved his
aim of avoiding any forcing preparation - and now an interesting battle over
the board begins.} cxd4 {Black decides against maintaining the tension in the
centre, and bringing more tactical options into focus.} 9. Nxd4 (9. exd4 {
will just leave White with an eventual isolated pawn.}) 9... Bb7 10. Rd1 Nbd7
11. cxd5 {A critical moment. Black can just make the obivious recapture with ..
.Nxd5, and hope to equalise in the ensuing symmetrical position. Or, he could
try to win a piece with the pawn fork - e5.} e5 {Kramnik chooses to take the
challenge! Unfortunately things aren't as easy for Black - and he possibly
underestimated either White's 14th or 15th move.} (11... Nxd5 12. Nxd5 Bxd5 13.
Bb5 $1 {Despite the drawish nature of such structures, White's considerably
more active pieces, along with a glaring weakeness on c6, and uncomfortable
Qd8, don't make Black's life easy yet.}) 12. Nc6 (12. Nf5 exf4 13. d6 Bxd6 14.
Nxd6 Qc7 15. exf4 {White wins a pawn, but the king stuck on e1 makes it look
only dangerous for him.}) 12... Bxc6 13. dxc6 exf4 14. exf4 $1 {A nice
intermediate move! At first sight the suddenly naked king on e1, along with
the tantalizing possibility of checks on the e file make it look dangerous for
White. But there is no clear way to make use of this temporary weakeness,
while White wins back his piece in the next move, followed by a quick
consolidation with Be2 and 0-0.} Bxa3 $5 {A nice tactical idea - which can
explain Kramnik's e5. Now White needs to make an important decision.} (14...
Bd6 15. cxd7 Qxd7 16. Be2 Qc7 17. g3 $14) 15. bxa3 $2 {Andreikin may have
missed the nice equalising trick 18...Nce4 - or perhaps he wanted to avoid the
murky looking complications after cxd7.} (15. cxd7 $1 {Having computers
assisting us, it's easy to point out cxd7 as a much stronger move - but during
a tense match, it's not that easy to understand that the dangerous looking
pawn on d7 will not actually fall!} Bb4 (15... Bd6 16. Bb5 $1 {is an important
resource!}) 16. Be2 Qc7 17. Qb3 $1 {A typical, highly effective move of the
machine that is hard to find a few moves before. With the concrete trick of
0-0, Nd5 White manages to keep his formidable pawn, and maintain serious
winning chances.} ({An obvious} 17. O-O {simply drops the pawn.} Rad8) 17... a5
18. O-O Rad8 19. Nd5 $1 $16) 15... Qe8+ 16. Be2 Nc5 17. O-O Qxc6 18. Bf3 Nce4
$1 {A nice little tactic that saves Black by a Whisker. Despite an ominous pin
along f3-a8 diagonal, white is unable to avoid the threatened simplifications.}
19. Rc1 (19. Bxe4 Nxe4 20. Qxe4 Qxc3 $11 {was the key point.}) 19... Qxc3 20.
Qxc3 Nxc3 21. Rxc3 Rac8 {Now the game enters much calmer waters, and Kramnik
easily steers his position to safety.} 22. Rfc1 Rxc3 23. Rxc3 Re8 24. g4 Kf8
25. g5 Ng8 {Despite the temporary passivity of Black's pieces, he is in no
real danger. The knight will soon regroup to f5.} 26. Kg2 g6 27. h4 Ne7 28. Rc7
Nf5 29. h5 Re7 30. Rc8+ Re8 31. Rc7 Re7 32. Rc8+ Re8 33. Rc7 1/2-1/2

[Event "Leningrad-ch56"]
[Site "Leningrad"]
[Date "1983.01.??"]
[Round "?"]
[White "Yuneev, Alexey"]
[Black "Polovodin, Igor A"]
[Result "*"]
[WhiteElo "2335"]
[BlackElo "2435"]
[Annotator "Nesis,G/Fedorov,VI"]
[PlyCount "42"]
[EventDate "1983.01.??"]
[EventType "tourn"]
[EventRounds "17"]
[EventCountry "URS"]
[SourceTitle "EXT 2006"]
[Source "ChessBase"]
[SourceDate "2005.11.24"]
[SourceVersion "1"]
[SourceVersionDate "2005.11.24"]
[SourceQuality "1"]

1. d4 d5 2. c4 e6 3. Nc3 Nf6 4. Nf3 Be7 5. Bf4 O-O 6. e3 c5 7. dxc5 Bxc5 8. Qc2
Nc6 9. Rd1 Qa5 10. a3 Be7 11. Rd2 $5 Rd8 12. cxd5 Nxd5 13. Nxd5 Rxd5 $5 14. Bd3
e5 $1 15. Bg3 h6 (15... Bg4 $5 16. O-O $6 Rxd3 $1 17. Rxd3 e4 18. Rd4 Nxd4 19.
Nxd4 Qd5 20. h3 Bd7 {Agzamov-Ubilava 1982}) 16. Bc4 (16. O-O Be6 $11) 16...
Rxd2 17. Nxd2 Bd7 18. O-O Be8 (18... Rc8 $5) 19. Ba2 Rd8 20. Nc4 Qb5 $11 (20...
Qd5 21. Ra1 $14) 21. Qf5 Bf6 *

[Event "Sinquefield Cup 6th"]
[Site "Saint Louis"]
[Date "2018.08.27"]
[Round "9"]
[White "Carlsen, Magnus"]
[Black "Nakamura, Hikaru"]
[Result "1-0"]
[WhiteElo "2842"]
[BlackElo "2777"]
[Annotator "Nielsen,Peter Heine"]
[PlyCount "193"]
[EventDate "2018.08.18"]
[EventType "tourn"]
[EventRounds "9"]
[EventCountry "USA"]
[EventCategory "22"]
[SourceTitle "CBM 186"]
[Source "ChessBase"]
[SourceDate "2018.09.14"]
[SourceVersion "1"]
[SourceVersionDate "2018.09.14"]
[SourceQuality "1"]

1. Nf3 Nf6 2. d4 e6 3. c4 d5 4. Nc3 Be7 5. Bf4 O-O 6. e3 b6 {A surprise.
Nakamura was favouring 6...Nbd7 until the candidates tournament of 2016 when
he introduced 6...c5 into his repertoire and now in this game he gives Black's
3rd alternative a go.} 7. Bd3 dxc4 8. Bxc4 Ba6 $5 {A popular move of recent,
which I very much would like to criticise on general grounds. Why try
exchanging pieces and leaving the c6-square weak, when putting the bishop on
the beautiful long diagonal at b7 instead is possible? However the game-move
was actually introduced by Magnus himself! Against Ding in Wijk 2015 leading
to a not too eventful draw.} 9. Qe2 Bxc4 $5 {Magnus played 9...Qc8, but
Nakamura tries a more active approach.} 10. Qxc4 c5 11. dxc5 bxc5 $5 {An
interesting and principled decision. Instead of accepting to be slightly worse
in a symmetrical position, Black makes the bold statement: Sure I do have an
isolated pawn and give you the c4-square, but my position is so robust that
it's of insignificant value. To an extent the game confirms Nakamura's
statement.} 12. O-O Nc6 13. Rac1 Rc8 14. Ne5 Qb6 15. Nxc6 (15. Na4 Qb7 16. Nxc6
Qxc6 17. Bg5 {followed by 18.Bxf6 would lead to a very typical position very
much in the spirit of this line. White will claim a strategic edge, Black that
it is not relevant!}) 15... Rxc6 16. b3 h6 17. Rfd1 Qb7 (17... Qa6 {also was
interesting, as while endgames in principle favour White due to his better
structure, Black in most likelihood will manage to force through ...c4,
equalising.}) 18. h3 Rfc8 19. Na4 Nd7 $6 {Somewhat too cautious.
Overprotecting the c5-pawn really is unneccesary so using the more active
d5-square en route to eventually b6 only has upsides compared to the game.} 20.
Rd2 Nb6 21. Nxb6 Rxb6 22. Rcd1 {Very tempting, attacking as quickly as
possible in the d-file, but as Black seems to have sufficient defensive
resources the more positional 22.Be5!? might have been the better way of
keeping long-term pressure.} Bf6 23. Rd7 Qa6 24. Qe4 {Playing for an attack.} (
{If} 24. Qc2 {then} c4 {and Black starts liquidating his only weakness,
equalising the position.}) 24... e5 $5 {At first looking like a tactical
blunder, but in reality just a well-calculated sequence.} ({So would have been
} 24... Qxa2 $5 25. Be5 Rb4 $1 26. Qf3 Bxe5 27. Qxf7+ Kh7 28. Qxe6 Rf8 $1 29.
Qxe5 Qxf2+ {with a drawish position.}) 25. Bxh6 Re8 $5 (25... gxh6 $2 26. Rxf7
$1 {wins, as} Kxf7 27. Qh7+ {mates on the 7th rank.}) ({Not taking the bishop,
but only a pawn however works, as after} 25... Qxa2 $5 26. Qg4 Qxb3 27. R7d6 {
White does look winning, threatening to take on c8 and f6, but:} Rcb8 $1 {
defends due to} 28. Rxf6 $2 Qxd1+ $1 29. Qxd1 Rb1 $1 $17) 26. Qg4 Qxa2 27. e4
Qxb3 28. Be3 Rb7 $1 {White's initiative is fading, Black is managing well to
neutralise to a draw.} 29. R7d6 Be7 30. R6d5 Bf8 31. Bxc5 Bxc5 32. Rxc5 Qe6 33.
Qe2 Rd7 34. Rxd7 Qxd7 35. Rd5 Qc7 {A good time to agree to a draw, was it not
for the fact that Magnus desperately needed to win in order to catch up with
the leaders, as well as the tournament is played after Corsican rules, meaning
no draw-offers were allowed.} 36. Qd2 Ra8 37. Rd7 Qc4 38. f3 Qc5+ 39. Kh2 Qc6 (
{A computer would happily have pushed} 39... a5 $1 {as after} 40. Qa2 Qf8 41.
Qd5 a4 $1 42. Rxf7 Qxf7 43. Qxa8+ Kh7 44. Qxa4 Qf4+ $1 {Black gives perpetual
check.}) 40. Rd6 Qc5 41. Ra6 Qe7 42. Qe3 Kh7 43. Kg3 Qb7 44. Qa3 f6 45. Kh2 $1
{Walking up the board with the king, or starting to push the pawns is only an
attempt to lose, so magnus shows dicipline and retracts his steps.} Qc7 46. Qa1
Qb7 47. Qa5 Qd7 48. Qa2 Qe7 49. Qf2 Qb7 50. Qa2 Qe7 51. Qd5 $5 {An interesting
idea. At first it looks like it allows black just to activate his passive rook,
but it does have some hidden point.} Rb8 52. Qa5 Rb7 ({Nothing was wrong with} 
52... Ra8 {but Nakamura wants to "punish" White's seeming inaccuracy.}) 53. Qe1
Qd7 54. Qh4+ Kg8 55. Qf2 Qf7 $6 56. Qa2 $5 {An interesting idea only made
possible as the rook is now on b7 and not a8. At first it seems absurd to
offer the trade of queens, but that does however allow White more freedom in
activating his king as well as starting to push his kingside pawns. Having
said that, even without the a7-pawn the ensuing ending would be considered a
trivial draw.} Qxa2 57. Rxa2 {Had Black's rook been on a8, then...a5! would
have been possible.} Kh7 58. Ra6 Kg6 59. h4 Kh5 60. Kh3 Rf7 61. g4+ Kh6 62. Kg3
{White has made some progress and starts "threatening" g5+. What should Black
do about it?} g5 $6 ({The answer is: Absolutely nothing!, after} 62... Kg6 63.
g5 {the threat of 64.Kg4 is easily parried by} Kh5 $1 {when White can make no
progress, meaning a trivial draw.}) 63. h5 Kg7 64. Kf2 Rb7 65. Ra3 Kh6 66. Ke3
{Nakamura starts feeling the pressure, as the draw no longer is as trivial as
expected. Black's idea of a fortress just blocking the d-line, does not work,
as due to the protected passed pawn on h5, a rook-exchange leads to a
trivially won pawn ending for White.} a5 $4 (66... Rd7 $1 67. Rd3 Rb7 $1 {
is still a relatively easy and concrete draw. If} 68. Kd2 a5 {Similarly} 69.
Ra3 (69. Kc3 a4 70. Kc4 Kg7 71. Ra3 {then} Rd7 $1 {is a key point, as} 72. Rxa4
Rd4+ $1 {allows 73...Rd3 next with an instant draw.}) 69... Rb5 70. Kc3 Kh7 71.
Kc4 Rb4+ 72. Kc5 Rd4 $1 73. Rxa5 Rd3 74. Ra7+ Kh6 75. Rf7 Rxf3 76. Kd5 Rf4 $1 {
is just in time to secure the draw.  Still now we are analysing concrete
varations with Black drawing by a tempo. Not what Black was expecting just a
few moves back, and Nakamura has not made the mental shift yet, and still is
under the impression he has an impregnable fortress.}) 67. Rxa5 {The idea of
annotating this game, was to write a detailed analysis of the ensuing ending.
However, all there is to say is that White is winning! Unknown to most of us,
including me, but the plan was demonstrated already in the game Gajewski (who
was present in St. Louis as Anands second) vs MVL (who sat next to this game,
still playing vs. Karjakin!).} Rb3+ 68. Kf2 Rb2+ 69. Kg3 Kg7 {The intended
fortress. But as all pawn endings are won for White, offering continuous
rook-swaps will break down the black fortress.} 70. Ra7+ $6 {In principle
perfectionism. As 70...Kh6 71Rf7! wins immediately, White now forces the black
king to lose a tempo. However, much more relevantly Black gets 1 move closer
to a draw by 50 moves without a pawn-push!} Kg8 71. Ra1 Kg7 72. Rf1 Ra2 73. Rf2
$1 {The principal idea, offering an exchange of rook to gain acces for White's
king.} Ra3 74. Rd2 Ra7 75. Kf2 Kf7 76. Ke2 Rb7 77. Rd3 Ra7 78. Kd2 Ke6 79. Kc3
Ke7 80. Kc4 Rc7+ 81. Kb5 Rc1 82. Rb3 Kf7 83. Kb6 Rc2 84. Kb7 Rc1 85. Kb8 $1 {
The target position. Now Rb7-c7 is the way of bridging the way for White's
king.} Kg8 $5 86. Rb6 $1 {Forcing the king to defend the f-pawn, thus ensuring
Rb7 will be with check.} Kg7 87. Rb7+ Kg8 ({If} 87... Kh6 {then} 88. Rf7 $1 Rc6
89. Kb7 {is a trivial win.}) 88. Rc7 $1 Rb1+ 89. Kc8 Rb3 90. Kd7 $1 {The only
slightly complex moment, in an else very mechanical way to win this endgame.
Black will win a couple of pawns but White's king will take a dominat position
combining mating threats with creating another decisive passed pawn.} Rxf3 91.
Ke6 Rf4 92. h6 Kh8 93. Rb7 Kg8 94. Rg7+ $1 {As 94...Kf8 95.Rg6+! followed by
96.h7 mates instantly, Black now has to allow the white king to access the
g6-square.} Kh8 95. Kf7 Rxe4 96. Kg6 Ra4 97. Rh7+ {97.Re7 also was sufficient,
but this makes sure that an eventual h7 will be with check and thus win a
tempo in the ensuing positions where White has taken the f- and g-pawn with
his king and will start advancing his own pawns. Nakamura had seen enough and
resigned.} 1-0

[Event "Linares 13th"]
[Site "Linares"]
[Date "1995.03.11"]
[Round "9"]
[White "Dreev, Alexey"]
[Black "Khalifman, Alexander"]
[Result "1-0"]
[WhiteElo "2650"]
[BlackElo "2635"]
[Annotator "Notkin,M"]
[PlyCount "79"]
[EventDate "1995.03.01"]
[EventType "tourn"]
[EventRounds "13"]
[EventCountry "ESP"]
[EventCategory "17"]
[SourceTitle "CBM 046"]
[Source "ChessBase"]
[SourceDate "1995.06.01"]
[SourceVersion "1"]
[SourceVersionDate "1995.06.01"]
[SourceQuality "1"]

1. d4 Nf6 2. c4 e6 3. Nf3 d5 4. Nc3 Be7 5. Bf4 O-O 6. e3 c5 7. dxc5 Bxc5 8. a3
Nc6 9. Be2 Ne4 $6 (9... Re8 10. Bg5 Be7 11. Qc2 h6 12. Bh4 dxc4 13. Bxc4 Nd5
14. Bxe7 Ncxe7 15. O-O Nxc3 16. Qxc3 Qc7 17. Nd4 Bd7 $10 {Sokolov,I-Lobron,E/
Debrecen/1992/1:0/41/}) (9... dxc4 10. Bxc4 Nh5 (10... Qxd1+ 11. Rxd1 b6 12. e4
Rd8 13. Rxd8+ Nxd8 14. e5 Ne8 15. Ke2 Bb7 16. Rd1 h6 17. Be3 Bxe3 18. Kxe3 Kf8
$10 {Dreev,A-Vaganian,R/Tilburg/1993/0,5/34/}) 11. Bg5 Be7 12. Bxe7 (12. Qxd8
Rxd8 13. Bxe7 Nxe7 14. Ke2 Bd7 15. Ne5 Be8 16. Rhd1 Nf6 $10 {Agzamov,G-Zaitsev,
I/Erevan(zt)/1982/0,5/46/}) 12... Qxe7 13. O-O Rd8 14. Qe2 Bd7 $10 {Nikolic,
P-Georgiev,Kir/Dubai(ol)/1986/0:1/32/}) 10. Nxe4 dxe4 11. Ne5 Qf6 12. Nxc6 bxc6
13. Qc2 e5 (13... a5 14. O-O $2 (14. Qxe4 Qxb2 15. Be5 $16) 14... e5 15. Bg3
Re8 $1 16. b3 (16. Qxe4 Bf5 17. Qf3 $2 (17. Qh4 Qe6 $15) 17... e4 18. Qf4 g5
19. Qc7 Re7 $19) 16... Bf5 17. Qb2 Qe7 18. Rfb1 f6 $15 {Muse,M-Van der Sterren,
P/Altensteig/1991/0:1/50/}) 14. Bg3 Bf5 15. O-O $16 Qe7 (15... a5 16. Qc3 Rfe8
17. b4 $16) 16. b4 Bb6 17. c5 Bc7 18. Rfd1 Bg6 (18... Rfd8 19. a4 Bg6 20. b5 f5
(20... cxb5 21. axb5 f5 22. b6 axb6 23. Rxa8 Rxa8 24. cxb6 Bd6 25. Qc6 Rd8 26.
Bh4 $18) 21. b6 axb6 22. cxb6 Bd6 23. a5 $1 f4 24. a6 fxg3 25. hxg3 $16) 19.
Qa4 $1 Qe8 (19... Rad8 20. Qxc6 f5 21. Bh4 $18) 20. b5 f5 (20... cxb5 $32 21.
Bxb5 Qe7 22. c6 $16) 21. bxc6 f4 22. Bh4 Bf5 23. Rd7 $1 Bxd7 24. cxd7 Qg6 25.
Be7 Kh8 (25... Rfb8 26. Bc4+ Kh8 27. Bd5) 26. Bxf8 Rxf8 27. Qb3 Bd8 (27... f3
28. Bf1 fxg2 29. Bxg2 Qf5 30. Kh1 $18) (27... Qc6 28. Qb5) 28. Rd1 h6 29. Rd6
Qg5 30. Re6 f3 31. Bf1 fxg2 32. Bxg2 Qf5 33. Qa2 Qg4 34. Rd6 Rf5 35. Qe6 Kh7
36. h3 Qg5 37. Kf1 $1 Rf8 38. Bxe4+ Kh8 39. Qe8 Be7 (39... Qe7 40. Qg6) 40.
Qxf8+ $1 1-0

[Event "Capablanca Memorial-15"]
[Site "Cienfuegos"]
[Date "1979.??.??"]
[Round "5"]
[White "Forintos, Gyozo Victor"]
[Black "Sisniega, Marcel"]
[Result "1/2-1/2"]
[WhiteElo "2425"]
[BlackElo "2390"]
[Annotator "Notkin,M"]
[PlyCount "82"]
[EventDate "1979.06.??"]
[EventType "tourn"]
[EventRounds "13"]
[EventCountry "CUB"]
[EventCategory "8"]
[SourceTitle "MCL"]
[Source "ChessBase"]
[SourceDate "1999.07.01"]
[SourceVersion "1"]
[SourceVersionDate "1999.07.01"]
[SourceQuality "1"]

1. d4 Nf6 2. c4 e6 3. Nc3 Bb4 4. Qc2 c5 5. dxc5 O-O 6. a3 Bxc5 7. Bf4 d5 8. e3
Nc6 9. Nf3 Re8 (9... Qa5 $5) 10. Rd1 (10. O-O-O $5 e5 (10... Qa5 11. Nd2 Be7
12. cxd5 exd5 13. Nb3 Qd8 $14 {Doroshkievich,V-Popov,N/Rostov/1976/0,5/46/})
11. Bg5 d4 12. Nd5 Be6 $6 (12... Be7) 13. Bd3 $1 Bxd5 14. cxd5 Qxd5 15. Bxf6
gxf6 16. Bxh7+ Kf8 17. Be4 $16 {Forintos,G-Vaiser,A/Tallinn/1986/1:0/51/})
10... e5 11. Bg5 d4 12. Nd5 Be6 $2 (12... Be7 13. Bxf6 Bxf6 14. Bd3 g6 15.
Nxf6+ Qxf6 16. O-O Bg4 17. Be4 $14 {Vaiser,A/Semkov,S/Sochi/1982/1:0/44/}) 13.
Bxf6 gxf6 14. Bd3 $16 Rc8 $5 15. O-O b5 16. b3 bxc4 17. bxc4 Bxa3 18. Bxh7+ Kg7
19. exd4 $6 (19. Bf5 $5 {/\Qe4/} Qd7 (19... Bxd5 20. cxd5 $16) 20. Nh4 $14)
19... Bxd5 20. cxd5 Nxd4 21. Qe4 (21. Qd3 Rc3 $1) 21... Rc4 $1 22. Nxd4 (22.
Bf5 Nxf3+ 23. Qxf3 Bd6 $14) 22... exd4 $6 (22... Rxd4 23. Rxd4 exd4 24. Qxd4
Kxh7 25. Qd3+ Kg7 26. Qxa3 Qxd5 27. Qxa7 $14) 23. Qf3 $1 Bd6 (23... Kxh7 24.
Qd3+ $18) 24. Bd3 Rc5 25. g3 (25. Qg4+ Kf8 26. Qxd4 Rxd5 $1 27. Qxa7 Rxd3 28.
Rxd3 Bxh2+ $10) 25... Re5 26. Be4 Rc3 27. Qg4+ Rg5 28. Qh4 Bc5 29. Rfe1 $2 (29.
Qh7+ Kf8 30. Rfe1 $16) 29... Qh8 $10 30. Qf4 Re5 31. Qg4+ Rg5 32. Qf4 Re5 33.
Bf3 Qe8 34. Re4 d3 35. Qg4+ Kf8 36. Qh4 Rxe4 37. Qh8+ Ke7 38. Qxe8+ Kxe8 39.
Bxe4 Rc2 40. Bxd3 Rxf2 41. Kh1 Kd7 1/2-1/2